000 00655nam a2200241Ia 4500
003 OSt
005 20221005093627.0
006 a|||||r|||| 00| 0
007 ta
008 221004b |||||||| |||| 00| 0 eng d
024 _a69437
037 _cTextual
040 _aCRL
_cCRL
_beng
041 _2eng
_aeng
082 _aY:393(D65,43), M3
100 _aGragert Steven K
_9618629
245 0 _aRadio broadoasts of Will Rogers
260 _aOklahoma
_bOklahoma state University
_c1983
300 _a212p.
_ccm.
650 _aSOCIOLOGY
942 _hY:393(D65,43), M3
_cTEXL
_2cc
999 _c1000750
_d1000750